00347nam a2200121Ia 4500008004100000041000800041082001300049100003400062245004000096260005500136300001300191999002100204231228s1991 xx 000 0 und d aeng a658bVER aVERMA (R.K.) / SINHA (P.R.N.) aWorkers Participation in Management aNew DelhibOxfords IBH Publishing New Delhi,c1991 aVIII,131 c1085455d1085455